<?xml version="1.0" encoding="UTF-8"?><?xml-stylesheet type="text/xsl" href="static/style.xsl"?><OAI-PMH xmlns="http://www.openarchives.org/OAI/2.0/" xmlns:xsi="http://www.w3.org/2001/XMLSchema-instance" xsi:schemaLocation="http://www.openarchives.org/OAI/2.0/ http://www.openarchives.org/OAI/2.0/OAI-PMH.xsd"><responseDate>2026-04-14T15:37:49Z</responseDate><request verb="GetRecord" identifier="oai:uvadoc.uva.es:10324/2019" metadataPrefix="marc">https://uvadoc.uva.es/oai/request</request><GetRecord><record><header><identifier>oai:uvadoc.uva.es:10324/2019</identifier><datestamp>2021-06-18T14:54:16Z</datestamp><setSpec>com_10324_38</setSpec><setSpec>col_10324_785</setSpec></header><metadata><record xmlns="http://www.loc.gov/MARC21/slim" xmlns:doc="http://www.lyncode.com/xoai" xmlns:xsi="http://www.w3.org/2001/XMLSchema-instance" xmlns:dcterms="http://purl.org/dc/terms/" xsi:schemaLocation="http://www.loc.gov/MARC21/slim http://www.loc.gov/standards/marcxml/schema/MARC21slim.xsd">
<leader>00925njm 22002777a 4500</leader>
<datafield tag="042" ind1=" " ind2=" ">
<subfield code="a">dc</subfield>
</datafield>
<datafield tag="720" ind1=" " ind2=" ">
<subfield code="a">Hernández Fernández, Luis Fernando</subfield>
<subfield code="e">author</subfield>
</datafield>
<datafield tag="720" ind1=" " ind2=" ">
<subfield code="a">Zapatero Rodríguez, Miguel</subfield>
<subfield code="e">author</subfield>
</datafield>
<datafield tag="260" ind1=" " ind2=" ">
<subfield code="c">2012</subfield>
</datafield>
<datafield tag="520" ind1=" " ind2=" ">
<subfield code="a">El sistema energético actual basado en el uso de combustibles no es sostenible indefinidamente ya que las reservas son finitas y los efectos medioambientales del cambio climático se hacen cada vez más evidentes. Es por ese motivo, por lo que se están desarrollando fuertemente los sistemas de producción de energía abastecidos por fuentes renovables. Entre estas energías renovables cabe destacar la energía solar y eólica.&#xd;
Una forma de aprovechamiento de la energía contenida en la radiación, es el efecto fotovoltaico, mediante el cual se produce la energía eléctrica a partir de la energía contenida en los fotones de la radiación solar.&#xd;
Otra forma de aprovechamiento es la energía obtenida del viento, energía eólica. La energía cinética generada por efecto de las corrientes de aire es transformada en otras formas útiles para las actividades humanas. Una instalación mixta es la formada por paneles solares junto con, al menos, un aerogenerador.</subfield>
</datafield>
<datafield tag="024" ind2=" " ind1="8">
<subfield code="a">http://uvadoc.uva.es/handle/10324/2019</subfield>
</datafield>
<datafield ind1=" " ind2=" " tag="653">
<subfield code="a">Instalaciones eléctricas domésticas</subfield>
</datafield>
<datafield tag="245" ind1="0" ind2="0">
<subfield code="a">Estudio de una instalación mixta, fotovoltáica y eólica, aplicada a una casa rural</subfield>
</datafield>
</record></metadata></record></GetRecord></OAI-PMH>